[Event "Grand Chess Tour Paris (Blitz)"]
[Site "Paris FRA"]
[Date "2018.06.23"]
[EventDate "2018.06.20"]
[Round "8"]
[Result "1/2-1/2"]
[White "Alexander Grischuk"]
[Black "Maxime Vachier-Lagrave"]
[WhiteElo "2766"]
[BlackElo "2789"]
[PlyCount "87"]

1. d4 Nf6 2. Nf3 g6 3. e3 Bg7 4. Be2 O-O 5. O-O d6 6. b3 Nc6
7. Bb2 e5 8. dxe5 Ng4 9. c4 Ngxe5 10. Nc3 Re8 11. Qd2 Nxf3+
12. Bxf3 Ne5 13. Be2 Be6 14. Rac1 Nd7 15. Bf3 Rb8 16. Rfd1 a6
17. Ne4 Bxb2 18. Qxb2 Qe7 19. Qd4 Red8 20. Nc3 Ne5 21. Be2 Nc6
22. Qd2 Ne5 23. Nd5 Bxd5 24. cxd5 Rbc8 25. b4 Nd7 26. h3 Nf6
27. a4 Kg7 28. a5 Qe8 29. Qd4 Qe5 30. Qd3 h6 31. Rc4 Rd7
32. Rdc1 Qxd5 33. Qxd5 Nxd5 34. Bg4 f5 35. Bf3 b5 36. axb6
Nxb6 37. Rc6 Rb8 38. Rxc7 Rxc7 39. Rxc7+ Kf6 40. Ra7 Nc4
41. Rb7 Rxb7 42. Bxb7 a5 43. Ba6 d5 44. bxa5 1/2-1/2

[Event "Grand Chess Tour Paris (Blitz)"]
[Site "Paris FRA"]
[Date "2018.06.23"]
[EventDate "2018.06.20"]
[Round "9"]
[Result "1-0"]
[White "Maxime Vachier-Lagrave"]
[Black "Vladimir Kramnik"]
[WhiteElo "2789"]
[BlackElo "2792"]
[PlyCount "88"]

1. e4 e5 2. Nf3 Nc6 3. Bc4 Bc5 4. c3 Nf6 5. d3 a6 6. a4 d6
7. O-O O-O 8. Re1 h6 9. h3 Re8 10. Nbd2 Be6 11. b4 Bxc4
12. Nxc4 Ba7 13. Qc2 d5 14. Ne3 Bxe3 15. Bxe3 Qd7 16. b5 axb5
17. axb5 Rxa1 18. Rxa1 Ne7 19. Nxe5 Qxb5 20. c4 dxc4 21. Nxc4
Ng6 22. Rb1 Qa6 23. Bd4 Nh5 24. Be3 Ngf4 25. Kh2 Qc6 26. g4 b5
27. Na3 Qd6 28. Nxb5 Qe5 29. gxh5 Nxd3+ 30. Kg1 Qxe4 31. Rb3
Rd8 32. Nd4 c5 33. Qxd3 Qd5 34. Rb5 Qxh5 35. Qc2 Qxh3 36. Qf5
Qh4 37. Rxc5 g6 38. Qf3 Rb8 39. Kg2 Qe7 40. Qd5 Re8 41. Rc6
Kh7 42. Nf3 Rd8 43. Qe5 Qd7 44. Rc4 Kg8 1-0

[Event "Grand Chess Tour Paris (Blitz)"]
[Site "Paris FRA"]
[Date "2018.06.24"]
[EventDate "2018.06.20"]
[Round "10"]
[Result "0-1"]
[White "Maxime Vachier-Lagrave"]
[Black "Wesley So"]
[WhiteElo "2789"]
[BlackElo "2778"]
[PlyCount "116"]

1. e4 e5 2. Nf3 Nc6 3. Bc4 Bc5 4. c3 Nf6 5. d3 O-O 6. O-O d5
7. exd5 Nxd5 8. a4 a5 9. Re1 Bg4 10. Nbd2 Nb6 11. Bb5 Bd6
12. Ne4 Na7 13. h3 Bh5 14. d4 Nxb5 15. axb5 exd4 16. g4 Bg6
17. Nxd6 Qxd6 18. Qxd4 Qxd4 19. Nxd4 a4 20. Bf4 Rfc8 21. Rad1
Nc4 22. Re2 Re8 23. Bc1 Kf8 24. f4 Rxe2 25. Nxe2 f6 26. Rd7
Rc8 27. Rd4 Bf7 28. Kf2 Ke8 29. Re4+ Kf8 30. f5 Rd8 31. Nd4
Rd5 32. Re2 Re5 33. Rxe5 fxe5 34. Nc2 Be8 35. Ne3 Bxb5
36. Nxc4 Bxc4 37. Bg5 Ke8 38. Bh4 Kd7 39. f6 gxf6 40. Bxf6 Ke6
41. Bd8 c6 42. h4 Bb3 43. Ke3 Bd1 44. g5 Kd5 45. Bf6 Bh5
46. Kd3 Bg6+ 47. Ke3 Kc4 48. Bxe5 Kb3 49. c4 Kxc4 50. Kd2 Kb3
51. Kc1 c5 52. Bd6 b6 53. Be7 c4 54. Bf6 b5 55. Kd2 b4 56. Be7
c3+ 57. bxc3 bxc3+ 58. Kc1 a3 0-1

[Event "Grand Chess Tour Paris (Blitz)"]
[Site "Paris FRA"]
[Date "2018.06.24"]
[EventDate "2018.06.20"]
[Round "11"]
[Result "1/2-1/2"]
[White "Fabiano Caruana"]
[Black "Maxime Vachier-Lagrave"]
[WhiteElo "2816"]
[BlackElo "2789"]
[PlyCount "161"]

1. d4 Nf6 2. Bf4 b5 3. e3 Bb7 4. Nf3 a6 5. c4 bxc4 6. Bxc4 e6
7. Nc3 d5 8. Bd3 Nbd7 9. O-O Be7 10. Na4 c5 11. Nxc5 Nxc5
12. dxc5 Bxc5 13. Rc1 Bd6 14. Qa4+ Qd7 15. Qxd7+ Kxd7 16. Ne5+
Bxe5 17. Bxe5 Rhc8 18. f3 Ne8 19. Bxh7 g6 20. h4 Nd6 21. h5
gxh5 22. Kf2 Nc4 23. Bc3 Rc7 24. b3 Nd6 25. Be5 Rxc1 26. Rxc1
a5 27. Rh1 a4 28. Rxh5 a3 29. Rh4 Bc6 30. Bd3 Bb5 31. Ke2 Rc8
32. Bxb5+ Nxb5 33. Kd2 Rg8 34. Rg4 Rxg4 35. fxg4 Kc6 36. Kd3
Kc5 37. Bg7 Kd6 38. Bf8+ Kc6 39. Bg7 Kd6 40. e4 e5 41. Bf8+
Ke6 42. exd5+ Kxd5 43. Bb4 e4+ 44. Ke3 Nd4 45. Bf8 Nb5 46. g5
Nc3 47. Bxa3 Nxa2 48. Bf8 Nc3 49. b4 Nb5 50. Bc5 Ke5 51. g4
Nc7 52. Bd4+ Kd5 53. Bf6 Nb5 54. Kf4 Nd6 55. Be7 Nb5 56. Bc5
Nd4 57. Bb6 Ne6+ 58. Kf5 Nd4+ 59. Kf4 Ne6+ 60. Kf5 Nd4+
61. Kf6 e3 62. b5 e2 63. Ba5 Nf3 64. Kxf7 Nxg5+ 65. Kf6 Nh3
66. Kf5 Kc5 67. b6 Kc6 68. Ke5 Ng5 69. Kf4 Nf7 70. Ke3 e1=Q
71. Bxe1 Kxb6 72. Ke4 Kc6 73. Bd2 Kd7 74. Kf5 Ke8 75. Kf6 Kf8
76. Bb4+ Kg8 77. Be7 Nh6 78. g5 Nf7 79. g6 Nh8 80. g7 Ng6
81. Kxg6 1/2-1/2

[Event "Grand Chess Tour Paris (Blitz)"]
[Site "Paris FRA"]
[Date "2018.06.24"]
[EventDate "2018.06.20"]
[Round "12"]
[Result "1/2-1/2"]
[White "Maxime Vachier-Lagrave"]
[Black "Viswanathan Anand"]
[WhiteElo "2789"]
[BlackElo "2759"]
[PlyCount "114"]

1. e4 e5 2. Nf3 Nc6 3. d4 exd4 4. Nxd4 Nf6 5. Nxc6 bxc6 6. Bd3
d5 7. e5 Ng4 8. O-O Bc5 9. Bf4 g5 10. Bd2 O-O 11. Nc3 Nxe5
12. Qh5 Nxd3 13. cxd3 f6 14. Rac1 Bf5 15. Rfe1 Bxd3 16. Qh3
Bg6 17. Qe6+ Bf7 18. Qxc6 Bb6 19. Na4 d4 20. Nxb6 cxb6 21. h4
Bd5 22. Qa4 gxh4 23. Qxd4 Bxg2 24. Qf4 Bd5 25. Rc7 Rf7
26. Rxf7 Kxf7 27. Kh2 Qb8 28. a3 Qxf4+ 29. Bxf4 Rg8 30. Be3
Be6 31. Rg1 Rd8 32. Rc1 Rd7 33. Rc8 Rd1 34. Rc1 Rd7 35. Rc8
Kg6 36. Rc6 Bd5 37. Rc2 Be6 38. Rc6 Bf5 39. Rc4 h3 40. Rd4 Rc7
41. Rd6 Kf7 42. Bd4 Be6 43. Be3 Rc2 44. Rd2 Rc8 45. Rd1 Rg8
46. Rg1 Rd8 47. Rc1 Rd7 48. Rc6 h5 49. a4 Bd5 50. Rc1 Bg2
51. b4 Kg6 52. a5 bxa5 53. bxa5 a6 54. Bb6 h4 55. Re1 Rd5
56. Rc1 Kf5 57. Re1 Re5 1/2-1/2

[Event "Grand Chess Tour Paris (Blitz)"]
[Site "Paris FRA"]
[Date "2018.06.24"]
[EventDate "2018.06.20"]
[Round "14"]
[Result "1/2-1/2"]
[White "Levon Aronian"]
[Black "Maxime Vachier-Lagrave"]
[WhiteElo "2764"]
[BlackElo "2789"]
[PlyCount "88"]

1. Nf3 c5 2. e3 d5 3. b3 Nf6 4. Bb2 Nc6 5. Bb5 Bd7 6. O-O e6
7. Bxc6 Bxc6 8. Ne5 Rc8 9. d3 Nd7 10. Nxc6 Rxc6 11. Nd2 Nf6
12. f4 Bd6 13. Nf3 O-O 14. Ne5 Bxe5 15. fxe5 Nd7 16. Qh5 Qe8
17. Qh4 Qb8 18. Qf4 f6 19. exf6 Qxf4 20. exf4 Nxf6 21. Rae1 d4
22. a4 Nd5 23. Bc1 b6 24. Bd2 a6 25. Re4 Nf6 26. Re5 Kf7
27. h3 Rd8 28. f5 Re8 29. g4 h6 30. Kg2 exf5 31. Rxe8 Nxe8
32. Rxf5+ Nf6 33. Kf3 g6 34. Re5 g5 35. Be1 Nd7 36. Rf5+ Ke6
37. Bg3 b5 38. axb5 axb5 39. Ke2 b4 40. Rf1 Ra6 41. Kd2 Ra8
42. Re1+ Kf6 43. Rf1+ Ke6 44. Re1+ Kf6 1/2-1/2

[Event "Grand Chess Tour Paris (Blitz)"]
[Site "Paris FRA"]
[Date "2018.06.24"]
[EventDate "2018.06.20"]
[Round "16"]
[Result "0-1"]
[White "Sergey Karjakin"]
[Black "Maxime Vachier-Lagrave"]
[WhiteElo "2782"]
[BlackElo "2789"]
[PlyCount "162"]

1. d4 Nf6 2. Nf3 g6 3. e3 Bg7 4. Be2 O-O 5. O-O b6 6. c4 Bb7
7. a3 e6 8. b4 c5 9. Bb2 d6 10. Nbd2 Nbd7 11. h3 Qe7 12. Rc1
Rac8 13. Qb3 Rfd8 14. Rfd1 Ba8 15. Bc3 d5 16. dxc5 bxc5
17. cxd5 Bxd5 18. Qb2 cxb4 19. axb4 Nb6 20. Bd4 Ne8 21. Bxg7
Nxg7 22. Ra1 Ne8 23. Ne5 Rc7 24. Nd3 Qf6 25. Qxf6 Nxf6 26. Nc5
Ba8 27. Ndb3 Rxd1+ 28. Rxd1 Nfd5 29. b5 Kf8 30. Bf1 Ke7
31. Rd2 Nc3 32. f3 Bd5 33. e4 Bxb3 34. Nxb3 Nc4 35. Rd4 Na3
36. Rb4 Nc2 37. b6 Nxb4 38. bxc7 Kd7 39. e5 Kxc7 40. f4 Kb6
41. Nd2 Nbd5 42. Nc4+ Kc5 43. g3 Ne4 44. Kg2 Kd4 45. Kf3 g5
46. h4 gxf4 47. gxf4 a5 48. Nxa5 Nd2+ 49. Kf2 Nxf1 50. Kxf1
Ke4 51. Nb7 Kxf4 52. Nd8 Kxe5 53. Nxf7+ Kf6 54. Nd6 Ne3+
55. Kf2 Nf5 56. Ne4+ Ke5 57. Ng5 h6 58. Nf3+ Kf4 59. h5 Kg4
60. Ne5+ Kxh5 61. Kf3 Kg5 62. Nf7+ Kf6 63. Nd8 e5 64. Kg4 Ng7
65. Nb7 h5+ 66. Kf3 Kf5 67. Nd6+ Ke6 68. Ne4 Kd5 69. Nf6+ Kd4
70. Ne4 Ne8 71. Ng3 Nf6 72. Ke2 e4 73. Kd2 Ke5 74. Ke3 h4
75. Nf1 Ng4+ 76. Ke2 Kf4 77. Nd2 h3 78. Kf1 e3 79. Nb3 Kg3
80. Nd4 h2 81. Ne2+ Kf3 0-1

[Event "Grand Chess Tour Paris (Blitz)"]
[Site "Paris FRA"]
[Date "2018.06.24"]
[EventDate "2018.06.20"]
[Round "17"]
[Result "1/2-1/2"]
[White "Maxime Vachier-Lagrave"]
[Black "Alexander Grischuk"]
[WhiteElo "2789"]
[BlackElo "2766"]
[PlyCount "111"]

1. e4 c5 2. Nf3 d6 3. Bb5+ Bd7 4. Bxd7+ Qxd7 5. c4 e5 6. Nc3
Nc6 7. d3 g6 8. h4 h6 9. h5 g5 10. Nd2 Bg7 11. g4 Nf6 12. f3
O-O 13. Nf1 Nd4 14. Be3 Ne8 15. Ng3 Nc7 16. Bxd4 exd4 17. Nd5
Nxd5 18. cxd5 Be5 19. Nf5 Kh7 20. a3 a5 21. a4 Ra6 22. b3 Rb6
23. Qc2 Rb4 24. Ke2 Ra8 25. Ra3 Ra6 26. Rc1 Qd8 27. Qd1 Qf6
28. Rc4 Rab6 29. Rxb4 Rxb4 30. Ra1 Bf4 31. Qc2 Qe5 32. Kf1 Qe8
33. Ke2 Qe5 34. Kf1 Qe8 35. Re1 Qe5 36. Kg2 Rb6 37. Re2 Rb4
38. Qa2 Rb6 39. Rc2 Qe8 40. Re2 Be5 41. Re1 Rb4 42. Ra1 Qd8
43. Qc2 Qb6 44. Rb1 Qd8 45. Qd1 Qe8 46. Ra1 Qd7 47. Qc2 Qe8
48. Re1 Qd8 49. Ra1 Qb6 50. Ra3 Qd8 51. Kf1 Qe8 52. Ke2 Bf4
53. Kd1 Be5 54. Kc1 Qd8 55. Kd1 Qe8 56. Ke2 1/2-1/2

[Event "Biel"]
[Site "Biel SUI"]
[Date "2018.07.22"]
[EventDate "2018.07.22"]
[Round "1"]
[Result "1/2-1/2"]
[White "Maxime Vachier-Lagrave"]
[Black "Peter Svidler"]
[WhiteElo "2779"]
[BlackElo "2753"]
[PlyCount "77"]

1. e4 e5 2. Nf3 Nc6 3. Bb5 a6 4. Ba4 Nf6 5. O-O Be7 6. d3 b5
7. Bb3 d6 8. a3 Na5 9. Ba2 c5 10. Nc3 Be6 11. Nh4 O-O 12. Nf5
Nc6 13. Nd5 Bxf5 14. exf5 Rc8 15. a4 b4 16. Be3 Nxd5 17. Bxd5
Bf6 18. c4 bxc3 19. bxc3 Ne7 20. Bb7 Rb8 21. Bxa6 Nxf5 22. Bd2
d5 23. Rb1 Nd6 24. Rxb8 Qxb8 25. Qb1 Qa7 26. Bb5 Rb8 27. c4
Nxb5 28. axb5 Qa4 29. Rc1 e4 30. Bf4 Rb7 31. dxe4 dxc4 32. e5
Be7 33. e6 fxe6 34. Qe4 Qxb5 35. Qxe6+ Kf8 36. Qf5+ Kg8
37. Qe6+ Kf8 38. Qf5+ Kg8 39. Qe6+ 1/2-1/2

[Event "Biel"]
[Site "0:14:33-0:08:33"]
[Date "2018.07.23"]
[EventDate "2018.07.21"]
[Round "2"]
[Result "0-1"]
[White "Maxime Vachier-Lagrave"]
[Black "Magnus Carlsen"]
[WhiteElo "2779"]
[BlackElo "2842"]
[PlyCount "159"]

1.e4 d6 2.d4 Nf6 3.Nc3 g6 4.Bf4 c6 5.Nf3 Bg7 6.Qd2 O-O 7.h3
Qa5 8.e5 dxe5 9.dxe5 Nd5 10.Nxd5 Qxd2+ 11.Bxd2 cxd5 12.O-O-O
Nc6 13.Bc3 e6 14.h4 h6 15.Bd3 Bd7 16.Rhe1 Rfc8 17.Rd2 Rab8
18.Rde2 b5 19.Nd4 b4 20.Nxc6 Bxc6 21.Bd4 Bb5 22.Kd2 h5 23.f4
Bf8 24.g4 hxg4 25.Rg1 Bc5 26.Bxc5 Rxc5 27.Rxg4 Kf8 28.Rh2 Bxd3
29.Kxd3 Rc4 30.h5 gxh5 31.Rxh5 Ke7 32.Rgh4 Rg8 33.f5 Rg3+
34.Kd2 Rg2+ 35.Kd1 Rcxc2 36.f6+ Kd7 37.Rxb4 a5 38.Rb8 Rcf2
39.Ke1 Kc6 40.Rc8+ Kb5 41.Rh7 d4 42.Rg8 Re2+ 43.Kf1 Rgf2+
44.Kg1 Rf4 45.Rxf7 Rxe5 46.Rc7 Rxf6 47.Rb8+ Ka6 48.Rc6+ Ka7
49.Rg8 Rf7 50.Rg6 Re1+ 51.Kg2 d3 52.Rd6 Re2+ 53.Kh3 d2 54.Rg8
Kb7 55.Rgd8 d1=Q 56.Rxd1 Rxb2 57.Re1 Rf6 58.Rd6 Rxa2 59.Kg3
Rb2 60.Re5 Rb3+ 61.Kg2 a4 62.Ra5 a3 63.Rda6 Rff3 64.Ra7+ Kc6
65.R7a6+ Kd7 66.Ra7+ Kd6 67.R7a6+ Ke7 68.Re5 Rfc3 69.Rexe6+
Kd7 70.Kf2 Rb2+ 71.Re2 Rh3 72.Kg2 Rxe2+ 73.Kxh3 a2 74.Kg3 Kc7
75.Kf3 Kb7 76.Ra4 Rh2 77.Ke3 Kb6 78.Kd3 Kb5 79.Ra8 Kb4 80.Kd4
0-1

[Event "Biel"]
[Site "Biel SUI"]
[Date "2018.07.25"]
[EventDate "2018.07.22"]
[Round "4"]
[Result "1/2-1/2"]
[White "David Navara"]
[Black "Maxime Vachier-Lagrave"]
[WhiteElo "2741"]
[BlackElo "2779"]
[PlyCount "56"]

1. d4 Nf6 2. c4 g6 3. Nc3 d5 4. Nf3 Bg7 5. cxd5 Nxd5 6. e4
Nxc3 7. bxc3 c5 8. Be3 Qa5 9. Nd2 Bd7 10. Rb1 Ba4 11. Qxa4+
Qxa4 12. Bb5+ Qxb5 13. Rxb5 b6 14. dxc5 Nd7 15. Ke2 Bxc3
16. Nb3 O-O 17. c6 Nf6 18. Kd3 Bb2 19. Nd2 Rfd8+ 20. Kc4 Ba3
21. e5 Rac8 22. exf6 Rxc6+ 23. Kb3 Rd3+ 24. Ka4 Bd6 25. Rb3
Rd5 26. Rb5 Rd3 27. Rb3 Rd5 28. Rb5 Rd3 1/2-1/2

[Event "Biel"]
[Site "Biel SUI"]
[Date "2018.07.26"]
[EventDate "2018.07.22"]
[Round "5"]
[Result "1-0"]
[White "Maxime Vachier-Lagrave"]
[Black "Nico Georgiadis"]
[WhiteElo "2779"]
[BlackElo "2526"]
[PlyCount "71"]

1. c4 Nf6 2. Nc3 e6 3. e4 d5 4. e5 d4 5. exf6 dxc3 6. bxc3
Qxf6 7. Nf3 Nc6 8. d4 e5 9. Be2 exd4 10. Bg5 Qg6 11. O-O Be7
12. Bd3 Qd6 13. Bxe7 Nxe7 14. cxd4 O-O 15. Re1 b6 16. c5 Qf6
17. Be4 c6 18. cxb6 axb6 19. Qb1 Bf5 20. Qxb6 Bxe4 21. Rxe4
Qd6 22. Qc5 Qxc5 23. dxc5 Nd5 24. a4 g6 25. g3 Rfb8 26. Rc4
Ra6 27. Nd4 Rb2 28. Ra3 Kg7 29. Rd3 Ne7 30. Nf3 Nd5 31. Ne5
Rb4 32. Rxb4 Nxb4 33. Rd7 Kg8 34. Nxf7 Ra5 35. Ng5 Rxc5
36. Rd8+ 1-0

[Event "Biel"]
[Site "Biel SUI"]
[Date "2018.07.27"]
[EventDate "2018.07.22"]
[Round "6"]
[Result "0-1"]
[White "Peter Svidler"]
[Black "Maxime Vachier-Lagrave"]
[WhiteElo "2753"]
[BlackElo "2779"]
[PlyCount "62"]

1. c4 c5 2. Nf3 Nf6 3. Nc3 d5 4. cxd5 Nxd5 5. e4 Nb4 6. Bc4
Nd3+ 7. Ke2 Nf4+ 8. Kf1 Ne6 9. d3 Nc6 10. h4 g6 11. h5 Bg7
12. Be3 Ned4 13. h6 Bf6 14. Nd5 Bg4 15. Nxf6+ exf6 16. Bxd4
Nxd4 17. Qa4+ Qd7 18. Qxd7+ Bxd7 19. Nxd4 cxd4 20. e5 fxe5
21. Re1 f6 22. f4 Rf8 23. Kg1 Ke7 24. fxe5 f5 25. Rh4 f4
26. Re4 g5 27. Rh5 Rf5 28. g4 fxg3 29. Rg4 Raf8 30. Rhxg5 Rf1+
31. Kg2 Bc6+ 0-1

[Event "Biel"]
[Site "Biel SUI"]
[Date "2018.07.31"]
[EventDate "2018.07.22"]
[Round "9"]
[Result "1/2-1/2"]
[White "Nico Georgiadis"]
[Black "Maxime Vachier-Lagrave"]
[WhiteElo "2526"]
[BlackElo "2779"]
[PlyCount "84"]

1. d4 Nf6 2. c4 g6 3. g3 c6 4. Bg2 d5 5. Nf3 Bg7 6. Nbd2 Ne4
7. b3 O-O 8. Bb2 Na6 9. O-O Bf5 10. Nh4 Nxd2 11. Qxd2 Be6
12. Rac1 Qd7 13. Rfd1 Rfd8 14. Nf3 Rac8 15. Ne5 Bxe5 16. dxe5
dxc4 17. Qxd7 Rxd7 18. Rxd7 Bxd7 19. Rxc4 Be6 20. Rd4 Kf8
21. f4 Ke8 22. Ra4 Rc7 23. Kf2 Bc8 24. Rc4 c5 25. a3 Be6
26. Rc3 b5 27. Ke3 Nb8 28. b4 Nd7 29. bxc5 Nxc5 30. Be4 Bc4
31. Bc2 Nd7 32. Be4 a5 33. Rc1 Nc5 34. Bf3 Nb3 35. Rc2 Kd8
36. Bd4 Nxd4 37. Kxd4 Be6 38. Be4 Bc4 39. e3 f5 40. exf6 exf6
41. Rc3 f5 42. Bf3 Ke7 1/2-1/2

[Event "Biel"]
[Site "Biel SUI"]
[Date "2018.08.01"]
[EventDate "2018.07.22"]
[Round "10"]
[Result "1-0"]
[White "Maxime Vachier-Lagrave"]
[Black "David Navara"]
[WhiteElo "2779"]
[BlackElo "2741"]
[PlyCount "77"]

1. e4 e5 2. Nf3 Nc6 3. Bc4 Bc5 4. O-O Nf6 5. d3 O-O 6. Re1 d6
7. c3 h6 8. Nbd2 a5 9. Nf1 Ne7 10. Bb3 Ng6 11. d4 Ba7 12. h3
Bd7 13. Ng3 a4 14. Bc2 Nh7 15. Nf5 Ng5 16. Nxg5 hxg5 17. Qh5
Nf4 18. Bxf4 exf4 19. h4 g6 20. Qh6 gxf5 21. exf5 f6 22. Qg6+
Kh8 23. hxg5 Bc6 24. Rad1 Qd7 25. Rd3 Qg7 26. Rh3+ Kg8 27. Re7
Qxg6 28. fxg6 f5 29. Rhh7 Rfe8 30. Reg7+ Kf8 31. Rxc7 Kg8
32. Bxf5 Bb6 33. Rcg7+ Kf8 34. Rf7+ Kg8 35. d5 Bxd5 36. Rfg7+
Kf8 37. Rd7 Kg8 38. g7 Bf7 39. g6 1-0

[Event "St. Louis Rapid & Blitz (Rapid)"]
[Site "St Louis, MO USA"]
[Date "2018.08.11"]
[EventDate "2018.08.11"]
[Round "1.4"]
[Result "1/2-1/2"]
[White "Leinier Dominguez Perez"]
[Black "Maxime Vachier-Lagrave"]
[WhiteElo "2739"]
[BlackElo "2779"]
[PlyCount "71"]

1. Nf3 c5 2. c4 Nc6 3. Nc3 e5 4. e3 Nf6 5. d4 e4 6. d5 exf3
7. dxc6 fxg2 8. cxd7+ Bxd7 9. Bxg2 g6 10. b3 Bg7 11. Qd6 Qb6
12. Qe5+ Kf8 13. Bb2 Nh5 14. Qd5 Bc6 15. Qd6+ Kg8 16. Bxc6 Rd8
17. Qe7 bxc6 18. Rd1 Rxd1+ 19. Kxd1 Bf6 20. Qe4 Kg7 21. Kc2
Qc7 22. h3 Rd8 23. Qf3 Kg8 24. Rd1 Rxd1 25. Nxd1 Be7 26. Bc3
Ng7 27. Nb2 Nf5 28. Nd3 f6 29. Nf4 Kf7 30. Qg4 Bd6 31. Nd3 Be7
32. Kd2 Qd6 33. Ke2 Qe6 34. Kd2 Qd6 35. Ke2 Qe6 36. Kd2
1/2-1/2

[Event "St. Louis Rapid & Blitz (Rapid)"]
[Site "St Louis, MO USA"]
[Date "2018.08.11"]
[EventDate "2018.08.11"]
[Round "2.3"]
[Result "1-0"]
[White "Maxime Vachier-Lagrave"]
[Black "Viswanathan Anand"]
[WhiteElo "2779"]
[BlackElo "2768"]
[PlyCount "113"]

1. e4 e5 2. Nf3 Nc6 3. Bb5 Nf6 4. O-O Nxe4 5. d4 Nd6 6. Bxc6
dxc6 7. dxe5 Nf5 8. Qxd8+ Kxd8 9. h3 Ke8 10. Nc3 b6 11. Rd1
Bb4 12. Ne2 Bb7 13. Ned4 Nxd4 14. Nxd4 Bc5 15. Nf5 Rg8 16. Be3
Bc8 17. Nd4 Bd7 18. Rd3 Bxd4 19. Rxd4 c5 20. Rd2 Bc6 21. Rad1
Ke7 22. Bg5+ f6 23. Bh4 Kf7 24. Bg3 Rae8 25. exf6 gxf6 26. Kh2
Re7 27. f3 a5 28. Bf4 a4 29. c4 h5 30. h4 Rge8 31. Kg1 Re1+
32. Rxe1 Rxe1+ 33. Kf2 Re7 34. Rd8 Be8 35. b3 axb3 36. axb3 c6
37. Rb8 b5 38. cxb5 cxb5 39. Bd6 Re6 40. Bxc5 Bc6 41. b4 Re8
42. Rb6 Re6 43. Kg3 Be8 44. Rb7+ Kg6 45. Kf4 Re5 46. g4 Rd5
47. Rb6 Bd7 48. g5 Rf5+ 49. Kg3 Kf7 50. f4 fxg5 51. hxg5 Rd5
52. Kh4 Rd3 53. f5 Rf3 54. Rb7 Ke8 55. Rb8+ Kf7 56. g6+ Kf6
57. Rf8+ 1-0

[Event "St. Louis Rapid & Blitz (Rapid)"]
[Site "St Louis, MO USA"]
[Date "2018.08.11"]
[EventDate "2018.08.11"]
[Round "3.2"]
[Result "1/2-1/2"]
[White "Wesley So"]
[Black "Maxime Vachier-Lagrave"]
[WhiteElo "2780"]
[BlackElo "2779"]
[PlyCount "67"]

1. Nf3 c5 2. b3 b6 3. Bb2 Bb7 4. c4 Nf6 5. g3 e6 6. Bg2 Be7
7. d4 cxd4 8. Qxd4 O-O 9. Nc3 d6 10. O-O Nbd7 11. Ng5 Bxg2
12. Kxg2 Qc7 13. Rfd1 Rfd8 14. Nge4 Nc5 15. f3 Ncxe4 16. Nxe4
d5 17. cxd5 Rxd5 18. Qe3 Rxd1 19. Rxd1 Nd5 20. Qd4 Bf8 21. Nc3
Rd8 22. Rd3 Rd7 23. Nxd5 Rxd5 24. Qe4 Rxd3 25. Qxd3 f6 26. Qc3
Qxc3 27. Bxc3 Kf7 28. e4 e5 29. Kf2 b5 30. Ke2 a6 31. a4 Ke6
32. axb5 axb5 33. g4 g5 34. h3 1/2-1/2

[Event "St. Louis Rapid & Blitz (Rapid)"]
[Site "St Louis, MO USA"]
[Date "2018.08.12"]
[EventDate "2018.08.11"]
[Round "4.2"]
[Result "1-0"]
[White "Maxime Vachier-Lagrave"]
[Black "Alexander Grischuk"]
[WhiteElo "2779"]
[BlackElo "2766"]
[PlyCount "121"]

1. d4 Nf6 2. Nf3 g6 3. Bf4 Bg7 4. e3 O-O 5. Be2 d6 6. O-O c5
7. c3 b6 8. h3 Bb7 9. Nbd2 Nbd7 10. a4 a6 11. Bh2 Ne4 12. Nxe4
Bxe4 13. Bd3 Bxd3 14. Qxd3 Qc7 15. Rfd1 Rfc8 16. Qe2 Qb7
17. e4 cxd4 18. cxd4 Rc7 19. e5 Qd5 20. exd6 exd6 21. Rac1
Rxc1 22. Rxc1 b5 23. axb5 axb5 24. Qe7 Nb6 25. Qxd6 Qxd6
26. Bxd6 Nc4 27. Bc7 Nxb2 28. Rb1 Na4 29. Rxb5 Nc3 30. Rb2 h6
31. Rc2 Nb5 32. Bb6 Ra1+ 33. Kh2 Rd1 34. Rc8+ Kh7 35. Rd8 Nc3
36. Re8 Nb5 37. Re7 Kg8 38. Bc5 Bf6 39. Rb7 Nc3 40. Ne5 Bxe5+
41. dxe5 Ne4 42. Be3 g5 43. Rb8+ Kg7 44. Rb2 Rd5 45. g3 Kg6
46. Rb6+ Kg7 47. Kg2 Nc3 48. Rd6 Rxd6 49. exd6 Kf8 50. Bd4 Ne4
51. Bg7+ Ke8 52. Bxh6 f6 53. Bg7 f5 54. Be5 Nc5 55. f4 Nd7
56. h4 gxh4 57. gxh4 Kf7 58. Kf3 Kg6 59. Ke3 Kh5 60. Kd4 Kxh4
61. Kd5 1-0

[Event "St. Louis Rapid & Blitz (Rapid)"]
[Site "St Louis, MO USA"]
[Date "2018.08.12"]
[EventDate "2018.08.11"]
[Round "5.1"]
[Result "1/2-1/2"]
[White "Fabiano Caruana"]
[Black "Maxime Vachier-Lagrave"]
[WhiteElo "2822"]
[BlackElo "2779"]
[PlyCount "102"]

1. e4 c5 2. Nf3 d6 3. d4 cxd4 4. Nxd4 Nf6 5. Nc3 a6 6. Bg5 e6
7. f4 h6 8. Bh4 Qb6 9. a3 Be7 10. Bf2 Qc7 11. Qf3 Nbd7
12. O-O-O b5 13. g4 Bb7 14. h4 Nc5 15. Bd3 d5 16. e5 Nfe4
17. Bxe4 Nxe4 18. Rh3 h5 19. Be1 g6 20. gxh5 Rxh5 21. Qg4 Qb6
22. Nce2 Rc8 23. Kb1 Rc4 24. b3 Rc8 25. Kb2 a5 26. b4 axb4
27. axb4 Ra8 28. Ra1 Ra4 29. Rb3 Bc8 30. Qh3 Bd7 31. Raa3 Qd8
32. Qd3 Qb6 33. Nf3 Qc6 34. Ned4 Qb6 35. Ng5 Bxg5 36. fxg5 Qb8
37. Nf3 Ke7 38. Bc3 Rh8 39. Bd4 Rc8 40. Nd2 Bc6 41. Nb1 Rh8
42. Nc3 Rxh4 43. Nxa4 bxa4 44. b5 axb3 45. bxc6 bxc2+ 46. Rb3
c1=Q+ 47. Kxc1 Rh1+ 48. Kc2 Rh2+ 49. Kc1 Rh1+ 50. Kc2 Rh2+
51. Kc1 Rh1+ 1/2-1/2

[Event "St. Louis Rapid & Blitz (Rapid)"]
[Site "St Louis, MO USA"]
[Date "2018.08.13"]
[EventDate "2018.08.11"]
[Round "8.4"]
[Result "1-0"]
[White "Levon Aronian"]
[Black "Maxime Vachier-Lagrave"]
[WhiteElo "2767"]
[BlackElo "2779"]
[PlyCount "93"]

1. e4 c5 2. Nc3 d6 3. Nge2 Nf6 4. d4 cxd4 5. Nxd4 a6 6. Be3
Ng4 7. Bc1 Nf6 8. f3 e5 9. Nb3 Be6 10. Be3 h5 11. Qd2 Nbd7
12. O-O-O b5 13. Kb1 Rc8 14. g3 Be7 15. Nd5 Nxd5 16. exd5 Bf5
17. Bd3 Bxd3 18. Qxd3 O-O 19. Rhg1 f5 20. h3 Qc7 21. c3 Qc4
22. Qc2 Qa4 23. g4 fxg4 24. fxg4 Rf3 25. Bc1 h4 26. g5 Nf8
27. Qe2 Rxh3 28. Rg4 Rc4 29. Nc5 Rh2 30. Qd3 dxc5 31. d6 Bxd6
32. Qd5+ Kh7 33. g6+ Nxg6 34. Rg5 Qc2+ 35. Ka1 Kh6 36. Rg2+
Qxc1+ 37. Rxc1 Rxg2 38. Qxg2 Rf4 39. Rg1 Rf6 40. Qg5+ Kh7
41. a4 Kg8 42. Qh5 Kf7 43. a5 c4 44. Ka2 Bc7 45. Qg4 Bxa5
46. Qd7+ Ne7 47. Rg5 1-0

[Event "St. Louis Rapid & Blitz (Rapid)"]
[Site "St Louis, MO USA"]
[Date "2018.08.13"]
[EventDate "2018.08.11"]
[Round "9.4"]
[Result "1/2-1/2"]
[White "Maxime Vachier-Lagrave"]
[Black "Sergey Karjakin"]
[WhiteElo "2779"]
[BlackElo "2773"]
[PlyCount "74"]

1. e4 e5 2. Nf3 Nc6 3. Bb5 Nf6 4. O-O Nxe4 5. d4 Nd6 6. Bxc6
dxc6 7. dxe5 Nf5 8. Qxd8+ Kxd8 9. h3 Ke8 10. Nc3 h5 11. Bf4
Be7 12. Rad1 Be6 13. Ng5 Rh6 14. Rfe1 Bb4 15. a3 Bxc3 16. bxc3
Rd8 17. Rxd8+ Kxd8 18. g4 hxg4 19. hxg4 Ne7 20. Nxf7+ Bxf7
21. Bxh6 gxh6 22. e6 Bg6 23. Rd1+ Ke8 24. Rd7 Bxc2 25. Rxc7 b5
26. f4 Nd5 27. Rc8+ Ke7 28. f5 Bd1 29. Rg8 Nf6 30. Rg7+ Ke8
31. g5 hxg5 32. Rxg5 a5 33. Rg7 Bg4 34. Rc7 Nd5 35. Rxc6 Bxf5
36. Rc5 Bxe6 37. Rxb5 Nxc3 1/2-1/2

[Event "St. Louis Rapid & Blitz (Blitz)"]
[Site "St Louis, MO USA"]
[Date "2018.08.14"]
[EventDate "2018.08.14"]
[Round "1.3"]
[Result "0-1"]
[White "Viswanathan Anand"]
[Black "Maxime Vachier-Lagrave"]
[WhiteElo "2768"]
[BlackElo "2779"]
[PlyCount "102"]

1. d4 Nf6 2. Nf3 g6 3. Bg5 Bg7 4. Nbd2 O-O 5. e4 d5 6. Bxf6
exf6 7. exd5 Qxd5 8. Be2 c5 9. dxc5 Qxc5 10. O-O Nc6 11. c3
Be6 12. Re1 Rad8 13. Qa4 Qb6 14. Qb5 Qxb5 15. Bxb5 Ne5 16. Nd4
Bd5 17. Nf1 a6 18. Be2 Bh6 19. g3 Nc6 20. Nxc6 Bxc6 21. Rad1
f5 22. f4 Rxd1 23. Rxd1 Re8 24. Kf2 Bf8 25. Nd2 Bc5+ 26. Kf1
Bg2+ 27. Kxg2 Rxe2+ 28. Kh1 h5 29. b4 Be7 30. Nc4 b5 31. Ne5
Bf6 32. Rd6 Bxe5 33. fxe5 Rxa2 34. e6 fxe6 35. Rxe6 Kg7
36. Kg1 h4 37. gxh4 Kh6 38. Rc6 Kh5 39. c4 Ra4 40. c5 Rxb4
41. Rxa6 Rc4 42. c6 Kxh4 43. Rb6 Kh3 44. Rxb5 Rc1+ 45. Kf2
Rxc6 46. Rb8 Rc2+ 47. Kf3 Kxh2 48. Rh8+ Kg1 49. Rg8 Rf2+
50. Ke3 Rg2 51. Kf3 g5 0-1